00630nam a2200181 a 450000100100000000500170001000800410002702000150006804000250008308200140010810000480012224501230017026000450029330000360033849000250037483000320039999900170043100003717820200930080206.0120224s1989 sp 000 0 spa d a8475334725 aDO-SdBNPbspacBNPHU axxxbE18i1 aEcheverría Ezponda, Javier,d1948-96358810aIntroducción a la metodología de la ciencia :bLa filosofía de la ciencia en el siglo XX /cJavier Echeverría. aBarcelona, España :bBarcanova,c1989. aix, 322 p. :bdiagrs. ;c22 cm.1 aTemas universitarios 0aTemas universitarios963589 c36668d36668